EPR štúdium radikálových medziproduktov fotochemických reakcií
Guardado en:
| Autor principal: | |
|---|---|
| Formato: | Libro |
| Lenguaje: | inglés |
| Publicado: |
Bratislava
STU FCHPT
2004
|
| Edición: | 1. vyd. |
| Acceso en línea: | Ver en el OPAC |
| Etiquetas: |
Sin Etiquetas, Sea el primero en etiquetar este registro!
|
MARC
| LEADER | 00000nam a2200000 a 4500 | ||
|---|---|---|---|
| 005 | 20260127133948.0 | ||
| 008 | 050317 000 0 eng d | ||
| 035 | |a vtls001520183 | ||
| 039 | 9 | |y 200503171005 |z mschk03 | |
| 040 | |a STUSCHK1 |b slo |c STUSCHK1 |e AACR2 | ||
| 100 | 1 | |a Dvoranová, Dana |9 181 | |
| 245 | 1 | |a EPR štúdium radikálových medziproduktov fotochemických reakcií | |
| 250 | |a 1. vyd. | ||
| 260 | |a Bratislava |b STU FCHPT |c 2004 | ||
| 300 | |a 79 s. + príloha | ||
| 500 | |a Obháj.: 4.10. 2004. Katedra fyzikálnej chémie | ||
| 910 | |a SCHK95 | ||
| 999 | |c 1000 |d 1000 | ||